000
00312nam a2200121Ia 4500
008
190216s9999||||xx |||||||||||||| ||und||
100
_a
Don Bellante & Mark Jackson
245
0
_a
Labour Economics Choice In Labour Market
260
_b
Mcgraw -hill
_c
1985
300
_a
351p
650
_a
Economics
942
_c
BK
999
_c
9714
_d
9714